| 000 | 00621nam a2200205 4500 | ||
|---|---|---|---|
| 001 | 148451 | ||
| 003 | ES-MaACL | ||
| 005 | 20230906202636.0 | ||
| 007 | t| | ||
| 008 | 070214s1977 fr r ||||1| fre d | ||
| 100 | 1 |
_aStrawson, P. F. _9108411 |
|
| 245 | 1 | 0 |
_aEtudes de Logique et de Linguistique / _cP. F. Strawson ; traduit de l'anglais par Judith Milner. |
| 260 |
_aParis : _bSeuil, _c1977. |
||
| 300 |
_a280 p. ; _c21 cm. |
||
| 490 | 1 | _aL'ordre philosophique | |
| 700 | 1 |
_aMilner, Judith. _981292 |
|
| 830 | 0 |
_aL'ordre philosophique _9177512 |
|
| 852 |
_aES-MaACL _jG-2635 _bR.113555 |
||
| 999 |
_c148451 _d148451 |
||